000 00895nam a2200241 a 4500
001 BRCA_3869
005 20190320204445.0
008 181209s1938----mx-a######---#000-0#spa-#
041 _aspa
044 _amx
050 4 _aF1386
_b.T68 1938
100 1 _aToussaint, Manuel,
_d1895-1955
_910075
245 1 0 _aPlanos de la ciudad de México, siglos XVI y XVII
_bestudio histórico, urbanístico y bibliográfico
_cManuel Toussaint, Federico Gómez de Orozco y Justino Fernández.
260 _aMéxico
_bUNAM, Instituto de Investigaciones Estéticas
_c1938
300 _a200 p.
_bil., 28 mapas
_c29 cm.
500 _aContribución al XVI Congreso International de Planificación y de la Habitación
500 _aC28
651 4 _aMéxico (Ciudad)
_vMapas
_910076
700 1 _aFernández, Justino
_9906
700 1 _aGómez de Orozco, Federico
_ecoaut.
_93854
902 _aGFM
942 _2lcc
_cB
999 _c3597
_d3597